| 000 | 00670camaa2200265Mu 4500 | ||
|---|---|---|---|
| 001 | 86910 | ||
| 005 | 20230410130854.0 | ||
| 008 | 060510s2006 sp 000 0 spa d | ||
| 020 | _a8496544184 | ||
| 035 | _a(OCoLC)433332443 | ||
| 080 | _a821.134.2-31"19" | ||
| 049 | _aGRAL | ||
| 050 | 1 | 4 |
_aPQ 6663 _bM519p 2006 |
| 100 | 1 |
_aMelero, Luis _d1941- |
|
| 245 | 1 | 4 |
_aLos pergaminos cátaros _cLuis Melero. |
| 250 | _a3a. ed. | ||
| 260 |
_aBarcelona _bRoca _c2006. |
||
| 300 |
_a411 p. _c24 cm. |
||
| 490 | 1 | _a[Histórica] | |
| 504 | _aBibliografía: p. 411. | ||
| 830 | 0 | _aHistórica (Roca Editorial) | |
| 942 |
_2lcc _cbk |
||
| 994 |
_aC0 _bDRFGD |
||
| 946 | _aJP | ||
| 999 |
_c81842 _d81842 |
||